| 000 | 00743cam a22002292 4500 | ||
|---|---|---|---|
| 001 | 0000001646 | ||
| 005 | 20151217151823.0 | ||
| 008 | 070320s xx 000 0 eng d | ||
| 020 |
_a0273642383 : _cGBP 38.99 |
||
| 040 |
_aKABU _cKABU |
||
| 050 | 0 |
_aHD30.255 _b.K65 |
|
| 100 | 1 |
_aKolk, Ans. _@0000150571 |
|
| 245 | 1 | 0 | _aEconomics of environmental management. |
| 260 |
_aHarlow, England : _bPrentice hall, _c2000. |
||
| 300 | _ax, 205 p. | ||
| 650 | 0 |
_aIndustrial management _xEnvironmental aspects. _@0000150568 |
|
| 852 | 1 | _9p5460 KES | |
| 852 | 1 | _9p5460 KES | |
| 908 | _a070320 | ||
| 950 | _@1 | ||
| 999 |
_c5360 _d5360 |
||